Países com mais embaixadas pelo mundo - Statistics

Estatísticas Gerais
  • Esse quiz foi jogado 65 vezes
  • A pontuação média é 21 de 25
Estatísticas das Respostas
Países % Correto
135 Brasil
100%
98 Canada
100%
168 Estados Unidos da América
100%
173 China
98%
158 França
98%
124 Itália
95%
143 Russia
95%
148 Alemanha
94%
114 Espanha
94%
152 Japão
94%
87 Argentina
92%
114 Coreia do sul
92%
135 India
92%
156 Reino Unido
90%
98 Africa do sul
85%
102 Suiça
84%
106 Paises Baixos
82%
87 Suécia
79%
92 Indonésia
77%
91 Polonia
74%
104 Arabia saudita
69%
145 Turquia
69%
89 Paquistão
52%
87 Hungria
44%
91 Tchéquia
27%
Nenhum quiz correspondente encontrado
Distribuição das Pontuações
Porcentagem de Pessoas com Cada Pontuação
Percentil de Números Respondidos
Sua Pontuação Histórica
Você não jogou esse quiz